[Event "FRA-chT2 0405"]
[Site "France"]
[Date "2005.01.08"]
[Round "5.8"]
[White "Oliveira, Sancho"]
[Black "Schoucair, Henry"]
[Result "0-1"]
[WhiteElo "2069"]
[BlackElo "2106"]
[PlyCount "67"]
[EventDate "2004.10.10"]
[EventType "team"]
[EventRounds "11"]
[EventCountry "FRA"]
[SourceTitle "EXT 2006"]
[Source "ChessBase"]
[SourceDate "2005.11.24"]
[SourceVersion "1"]
[SourceVersionDate "2005.11.24"]
[SourceQuality "1"]
[WhiteTeam "Echiquier Nicois  II"]
[BlackTeam "Montpellier  II"]
[WhiteTeamCountry "FRA"]
[BlackTeamCountry "FRA"]

1. e4 e5 2. Bc4 Nf6 3. d3 Nc6 4. Nc3 Bb4 5. Nge2 d5 6. exd5 Nxd5 7. 0-0 Be6 8. Ne4 Be7 9. Bb5 f5 10. Bxc6+ bxc6 11. N4c3 0-0 12. f4 Bf6 13. fxe5 Bxe5 14. d4 Nxc3 15. bxc3 Bd6 16. Qd3 Bd5 17. Bf4 Be4 18. Qc4+ Bd5 19. Qd3 Qd7 20. Ng3 g6 21. c4 Be6 22. Bxd6 cxd6 23. d5 cxd5 24. cxd5 Bf7 25. c4 Rfe8 26. Rfe1 a6 27. Qd4 Qa4 28. Nf1 Rac8 29. Nd2 Qa5 30. Rxe8+ Rxe8 31. Nb3 Qb4 32. Kf2 a5 33. Rb1 Re4 34. Qd3 0-1